Państwa z kierunkiem geograficznym w nazwie - Statystyki

Ogólne statystyki
  • Ten quiz został rozwiązany 316 razy
    183 od ostatniego zresetowania
  • Średni wynik to 6 z 8
Statystyki odpowiedzi
Kontynent Państwo % Poprawnych
Azja Korea Północna
95%
Azja Korea Południowa
94%
Europa Macedonia Północna
93%
Afryka Sudan Południowy
80%
Azja Timor Wschodni
80%
Afryka Południowa Afryka
78%
Europa Irlandia Północna (Zjednoczone Królestwo)
44%
Euroazja Cypr Północny (Turcja/Cypr)
28%
Nie znaleziono quizów pasujących do podanych kryteriów
Rozkład punktacji
Procent ludzi z każdym wynikiem
Percentyl według liczby udzielonych odpowiedzi
Twoja historia wyników
Nie rozwiązałeś tego quizu od ostatniego zresetowania